000 01826nam a22002657a 4500
999 _c63734
_d63734
003 Ge_BSU
005 20251217211900.0
008 251217s2024 ge ||||| |||| 00| 0 geo d
020 _a9789941990311
041 _a geo
080 _a615(479.22)(09) ჭ-23
100 _aჭანტურიძე, ს.
_926454
245 _aფარმაციის ისტორია საქართველოში /
_cტექსტი: ს. ჭანტურიძე, ნ. ხაბეიშვილი; პროექტის ხელმძღვანელი მ. ხოსიტაშვილი; რედაქტორი კ. ჯავახიშვილი; დიზაინერი მ. ცომაია.
264 _aთბილისი,
_c2024.
300 _a82 გვ. :
_bილ. ;
_c23 სმ.
500 _a გამოცემა მომზადდა საქართველოს ეროვნული ბიბლიოთეკისა და კომპანია PSP-ს ერთობლივი თანამშრომლობით.
504 _aბიბლიოგრაფია: გვ. 81-82.
653 _aქართული ფარმაციის ისტორია
700 _aხაბეიშვილი, ნ.
_eტექსტის ავტორი
_926550
700 _aჯავახიშვილი, კ.
_eრედაქტორი
_926551
700 _aხოსიტაშვილი, მ.
_eპროექტის ხელმძღვანელი
_926453
700 _aცომაია, მ.
_eდიზაინერი
_926552
856 _uhttps://dspace.nplg.gov.ge/bitstream/1234/530237/1/Farmaciis_Istoria_Saqartveloshi_2024.pdf
_yელ. ვერსია
942 _2udc
_cᲬᲘᲒᲜᲘ